| 000 | 00484nam a2200169Ia 4500 | ||
|---|---|---|---|
| 003 | GCL | ||
| 008 | 140319s9999 xx 000 0 ara d | ||
| 040 |
_aGCL / _cGCL |
||
| 082 | 0 | 4 |
_a910.41 _bم ش |
| 100 | 1 | _aمحمد الجوادى | |
| 245 | 1 | 0 |
_aشمس الاصيل فى امريكا / _cمحمد الجوادى |
| 300 | _a159 ص | ||
| 490 | _a | ||
| 650 | 0 | 4 | _aالادب |
| 650 | 0 | 4 | _aالولايات المتحدة الامريكية - وصف ورحلات |
| 942 |
_2ddc _cBK |
||
| 999 |
_c45190 _d45190 |
||